La política mejicana del presidente Woodrow Wilson según la ve un mejicano / (Record no. 38350)

MARC details
000 -LEADER
campo de control de longitud fija 01028nam a2200253 i 4500
001 - NÚMERO DE CONTROL
campo de control 38350
003 - IDENTIFICADOR DE NÚMERO DE CONTROL
campo de control ES-MaACL
005 - FECHA Y HORA DE LA ÚLTIMA TRANSACCIÓN
campo de control 20250830234018.0
007 - CAMPO FIJO DE DESCRIPCIÓN FÍSICA--INFORMACIÓN GENERAL
campo de control de longitud fija t|
008 - DATOS DE LONGITUD FIJA--INFORMACIÓN GENERAL
campo de control de longitud fija 030225s1916 sp ||||1| spa d
100 1# - ENTRADA PRINCIPAL--NOMBRE DE PERSONA
Nombre de persona Calero, Manuel.
9 (RLIN) 33654
245 13 - MENCIÓN DEL TÍTULO
Título La política mejicana del presidente Woodrow Wilson según la ve un mejicano /
Mención de responsabilidad, etc. por Manuel Calero ; traducción de la edición inglesa de Nueva York.
260 ## - PUBLICACIÓN, DISTRIBUCIÓN, ETC.
Lugar de publicación, distribución, etc. Madrid :
Nombre del editor, distribuidor, etc. [s.n.],
Fecha de publicación, distribución, etc. 1916 (
Fabricante Tip. Artística)
300 ## - DESCRIPCIÓN FÍSICA
Extensión 150 p. ;
Dimensiones 18 cm.
530 ## - NOTA DISPONIBLE DE FORMULARIO FÍSICO ADICIONAL
Nota de formato físico adicional disponible Disponible en formato digital.
600 04 - PUNTO DE ACCESO ADICIONAL DE MATERIA--NOMBRE DE PERSONA
Nombre de persona Wilson, Woodrow.
9 (RLIN) 117049
651 #4 - PUNTO DE ACCESO ADICIONAL DE MATERIA--NOMBRE GEOGRÁFICO
Nombre geográfico Estados Unidos-
Subdivisión general Relaciones-
Subdivisión geográfica México
9 (RLIN) 8565
651 #4 - PUNTO DE ACCESO ADICIONAL DE MATERIA--NOMBRE GEOGRÁFICO
Nombre geográfico México-
Subdivisión general Relaciones-
Subdivisión geográfica Estados Unidos.
9 (RLIN) 9074
852 ## - LOCALIZACIÓN
Ubicación ES-MaACL
Número de control de estantería G-1329
Ubicación en estantería Depósito 2
Nota libre Revisado enlace: 9 de julio de 2025
852 ## - LOCALIZACIÓN
Ubicación ES-MaACL
Número de control de estantería 1548-F-6
itemnumber 39741
Ubicación en estantería Depósito folletos
Nota libre Revisado enlace: 28 de marzo de 2025.
856 ## - LOCALIZACIÓN Y ACCESO ELECTRÓNICOS
Identificador Uniforme de Recursos <a href="http://bdh-rd.bne.es/viewer.vm?id=0000084235&page=1 ">http://bdh-rd.bne.es/viewer.vm?id=0000084235&page=1 </a>
Texto de enlace Biblioteca Digital Hispánica
942 ## - ELEMENTOS DE ENTRADA SECUNDARIOS (KOHA)
Fuente del sistema de clasificación o colocación Clasificación decimal universal
Holdings
Estatus retirado Estado de pérdida Estado de daño No para préstamo Colección Biblioteca de origen Biblioteca actual Ubicación en estantería Fecha de adquisición Fuente de adquisición Total de préstamos Signatura topográfica completa Código de barras Visto por última vez Precio de reemplazo Tipo de ítem Koha
        Colección de folletos Biblioteca del Ateneo de Madrid Biblioteca del Ateneo de Madrid Depósito folletos 17/01/2008     1548-F-6 1040377 23/02/2023 23/02/2023 Folleto
        Colección digital Biblioteca del Ateneo de Madrid Biblioteca del Ateneo de Madrid Depósito 2 17/01/2008     G-1329 1040376 23/02/2023 23/02/2023 Libro impreso